书目信息 |
| 题名: |
大学与人文教育
|
|
| 作者: | ;海南大学 主编 | |
| 分册: | 第一辑 | |
| 出版信息: | 北京 中国社会出版社 2013 |
|
| 页数: | 279页 | |
| 开本: | 24cm | |
| 丛书名: | ||
| 单 册: | ||
| 中图分类: | G640-53 | |
| 科图分类: | ||
| 主题词: | 高等学校--人文素质教育--文集 , 高等学校 , 人文素质教育 | |
| 电子资源: | ||
| ISBN: | 978-7-5087-4473-5 | |
| 000 | 00962nam0 22002531 450 | |
| 001 | 523 | |
| 005 | 20140910081449.84 | |
| 010 | @a978-7-5087-4473-5@dCNY38.00 | |
| 100 | @a20130823d2013 em y0chiy50 ea | |
| 101 | 0 | @achi |
| 102 | @aCN@b110000 | |
| 105 | @ay z 000yy | |
| 106 | @ar | |
| 200 | 1 | @a大学与人文教育@ADa Xue Yu Ren Wen Jiao Yu@h第一辑@HDi Yi Ji@f海南大学人文传播学院主编@FHai Nan Da Xue Ren Wen Chuan Bo Xue Yuan Zhu Bian |
| 210 | @a北京@c中国社会出版社@d2013 | |
| 215 | @a279页@d24cm | |
| 330 | @a本书收录了30余篇教研论文,分别是:《大学精神的一点理解和体认》、《我与现当代文学研究》、《大学语文,情商教育的好平台》、《文学史与文学教学》、《海南高校平面设计教学方法改革探讨》等文章。 | |
| 606 | 0 | @a高等学校@x人文素质教育@j文集 |
| 606 | 0 | @a高等学校 |
| 606 | 0 | @a人文素质教育 |
| 690 | @aG640-53@v5 | |
| 711 | 02 | @a海南大学@AHai Nan Da Xue@b人文传播学院@4主编 |
| 801 | 0 | @aCN@bTANGWEI@c20140603 |
| 905 | @b0837168-70@dG640-53@e607:1@f3 | |
| 大学与人文教育.第一辑/海南大学人文传播学院主编.-北京:中国社会出版社,2013 |
| 279页;24cm |
| ISBN 978-7-5087-4473-5:CNY38.00 |
| 本书收录了30余篇教研论文,分别是:《大学精神的一点理解和体认》、《我与现当代文学研究》、《大学语文,情商教育的好平台》、《文学史与文学教学》、《海南高校平面设计教学方法改革探讨》等文章。 |
| ● |
| 相关链接 |
|
|
|
|
正题名:大学与人文教育
索取号:G640-53/607:1
 
预约/预借
| 序号 | 登录号 | 条形码 | 馆藏地/架位号 | 状态 | 备注 |
| 1 | 0837168 | 208371689 | 第一样本阅览室/ [索取号:G640-53/607:1] | 在馆 | |
| 2 | 0837169 | 208371698 | 密集书库-物理学院/ [索取号:G640-53/607:1] | 在馆 | |
| 3 | 0837170 | 208371705 | 第四借阅区/ [索取号:G640-53/607:1] | 在馆 |